[Event "Russian Championship B15 1st league 2016"]
[Site "Loo"]
[Date "2016.04.23"]
[Round "4.42"]
[White "Chursin, Aleksandr"]
[Black "Shushakov, Andrey"]
[Result "1-0"]
[WhiteElo "1798"]
[BlackElo "1550"]
[PlyCount "71"]
[EventDate "2016.04.20"]

1. c4 Nf6 2. Nc3 e6 3. Nf3 b6 4. g3 Bb7 5. Bg2 Be7 6. O-O O-O 7. a3 d5 8. d3 c5
9. Rb1 a6 10. b4 cxb4 11. axb4 dxc4 12. dxc4 Qc7 13. Qb3 Nc6 14. Bf4 Qc8 15. c5
bxc5 16. bxc5 Na5 17. Qb6 Qxc5 18. Qxc5 Bxc5 19. Bc7 Bxf3 20. Bxf3 Nc4 21. Bxa8
Rxa8 22. Rb8+ Rxb8 23. Bxb8 g5 24. e3 Kf8 25. Ra1 a5 26. Bc7 Bb4 27. Na4 Nd5
28. Bd8 h6 29. e4 Ne7 30. Rc1 Nd2 31. Nc5 Ba3 32. Rc2 Nf3+ 33. Kf1 Nd4 34. Rc4
Ndc6 35. Bc7 Bb4 36. Nd3 1-0

[Event "Russian Championship B15 1st league 2016"]
[Site "Loo"]
[Date "2016.04.23"]
[Round "4.43"]
[White "Volkov, Grigoriy"]
[Black "Volchkov, Ivan"]
[Result "1-0"]
[WhiteElo "1667"]
[BlackElo "1504"]
[PlyCount "69"]
[EventDate "2016.04.20"]

1. e4 d6 2. d4 Nf6 3. Nc3 g6 4. Be3 Bg7 5. f3 O-O 6. Qd2 Nc6 7. O-O-O a6 8. g4
e5 9. d5 Ne7 10. h4 b5 11. Bh6 b4 12. Nb1 a5 13. Bxg7 Kxg7 14. h5 Rh8 15. h6+
Kf8 16. Qg5 Neg8 17. Be2 Qd7 18. Nd2 Ba6 19. Rf1 a4 20. Rh2 c6 21. Bxa6 Rxa6
22. dxc6 Rxc6 23. Qe3 Qc8 24. Qd3 a3 25. bxa3 bxa3 26. Qxa3 Rxc2+ 27. Kb1 Ke7
28. Rc1 Rxc1+ 29. Qxc1 Qxc1+ 30. Kxc1 Ke6 31. Nc4 Ne7 32. Nh3 Rc8 33. Ng5+ Kd7
34. Rc2 Nc6 35. Nb6+ 1-0

[Event "Russian Championship B15 1st league 2016"]
[Site "Loo"]
[Date "2016.04.23"]
[Round "4.44"]
[White "Kolkhidov, Azamat"]
[Black "Greshtakyan, Ashot"]
[Result "1-0"]
[WhiteElo "1655"]
[BlackElo "1489"]
[PlyCount "141"]
[EventDate "2016.04.20"]

1. e4 c6 2. d3 d5 3. Nd2 e6 4. Ngf3 Nd7 5. Be2 Bd6 6. O-O Ngf6 7. c3 Qc7 8. h3
dxe4 9. dxe4 Nc5 10. Qc2 Bf4 11. Re1 O-O 12. Bf1 e5 13. Nc4 Re8 14. Bxf4 exf4
15. e5 Nd5 16. Nd6 Re6 17. b4 Na6 18. Ng5 Rg6 19. Ndxf7 Be6 20. Nxe6 Rxe6 21.
Ng5 Rg6 22. h4 Qe7 23. Bd3 Rxg5 24. hxg5 Qxg5 25. Bxh7+ Kh8 26. Bg6 f3 27. g3
Rf8 28. e6 Ne7 29. Bf7 g6 30. Qe4 Kg7 31. Qe5+ Qxe5 32. Rxe5 Nc7 33. c4 b5 34.
cxb5 cxb5 35. Rc5 Ncd5 36. Rxb5 Nc3 37. Rb7 Ne2+ 38. Kf1 Rh8 39. Ke1 Rh1+ 40.
Kd2 Rxa1 41. Rxe7 Rxa2+ 42. Ke3 Ra3+ 43. Ke4 Nxg3+ 44. fxg3 Kf6 45. Rd7 f2 46.
Rd1 Rxg3 47. Rf1 Rg4+ 48. Ke3 Rxb4 49. Rxf2+ Ke7 50. Ra2 Rb7 51. Ra6 g5 52. Ke4
Kf6 53. Ra4 Ke7 54. Ra5 Kf6 55. Rf5+ Ke7 56. Rxg5 Rb4+ 57. Kd3 Rh4 58. Ra5 Rh3+
59. Kc4 Rh1 60. Rxa7+ Kf6 61. Kc5 Rc1+ 62. Kb6 Rb1+ 63. Kc7 Rc1+ 64. Kd7 Rd1+
65. Kc8 Rc1+ 66. Rc7 Re1 67. Bg8 Ra1 68. e7 Re1 69. Kd8 Ke5 70. e8=Q+ Kd6 71.
Rc6# 1-0

[Event "Russian Championship B15 1st league 2016"]
[Site "Loo"]
[Date "2016.04.23"]
[Round "4.45"]
[White "Shilov, Victor"]
[Black "Mamoshin, Oleg"]
[Result "1-0"]
[WhiteElo "1485"]
[BlackElo "1655"]
[PlyCount "111"]
[EventDate "2016.04.20"]

1. e4 c5 2. Nf3 Nc6 3. d4 cxd4 4. Nxd4 Qc7 5. Nc3 e6 6. g3 a6 7. Bg2 Nf6 8. O-O
Be7 9. Re1 O-O 10. Nxc6 bxc6 11. e5 Nd5 12. Nxd5 cxd5 13. c3 Bb7 14. Bf4 Rab8
15. Rb1 Rfd8 16. Be3 h6 17. Bd4 Bc5 18. Qd2 Bxd4 19. cxd4 d6 20. f4 dxe5 21.
fxe5 Rdc8 22. Rbc1 Qd7 23. b3 Rxc1 24. Rxc1 Rc8 25. Rc2 Rxc2 26. Qxc2 Qc6 27.
Qxc6 Bxc6 28. Bf1 Bb7 29. Kf2 Kf8 30. Ke3 Ke7 31. b4 Kd7 32. a4 Kc7 33. Kd2 Kb6
34. a5+ Kc6 35. Ke3 Kd7 36. h4 Ke7 37. Kf4 f5 38. g4 fxg4 39. Kxg4 g6 40. Bd3
Kf7 41. Bf1 Kg7 42. Be2 Bc8 43. Bd3 Kh7 44. h5 Kg7 45. hxg6 Bb7 46. Kh5 Bc8 47.
Be2 Bb7 48. Bf1 Bc8 49. b5 axb5 50. Bxb5 Bb7 51. Bd7 Ba8 52. a6 Kg8 53. Kxh6
Kf8 54. g7+ Ke7 55. g8=Q Kxd7 56. a7 1-0

[Event "Russian Championship B15 1st league 2016"]
[Site "Loo"]
[Date "2016.04.23"]
[Round "4.46"]
[White "Dzagov, Kambulat"]
[Black "Titovich, Mihail"]
[Result "1-0"]
[WhiteElo "1651"]
[BlackElo "1466"]
[PlyCount "101"]
[EventDate "2016.04.20"]

1. e4 e6 2. d4 d5 3. Nd2 c5 4. c3 cxd4 5. cxd4 Nc6 6. Ngf3 Bb4 7. Bd3 Bxd2+ 8.
Bxd2 Nge7 9. exd5 exd5 10. O-O Qb6 11. Bc3 Bg4 12. Re1 O-O 13. Bxh7+ Kh8 14.
Bc2 g6 15. h3 Bf5 16. Qd2 Kg7 17. Bxf5 Nxf5 18. Ne5 Rfe8 19. Rad1 Re7 20. Nxc6
Rxe1+ 21. Rxe1 bxc6 22. g4 Nd6 23. Qf4 Ne4 24. Rxe4 dxe4 25. d5+ Kf8 26. Qe5
Re8 27. Qg7+ Ke7 28. Bf6+ Kd6 29. Qxf7 Qb8 30. dxc6 Kxc6 31. Qxg6 Re6 32. g5
Qd6 33. Qf5 e3 34. Qc2+ Kd7 35. Qa4+ Kc8 36. Qc2+ Kd7 37. fxe3 Qg3+ 38. Qg2
Qxe3+ 39. Qf2 Qc1+ 40. Kg2 Qc6+ 41. Kg3 Qc7+ 42. Kg4 Qc4+ 43. Kh5 Qc7 44. Qf5
Kd6 45. Qf4+ Kd7 46. Qxc7+ Kxc7 47. Kg6 Kd7 48. h4 Re8 49. h5 Ke6 50. h6 Rg8+
51. Bg7 1-0

[Event "Russian Championship B15 1st league 2016"]
[Site "Loo"]
[Date "2016.04.23"]
[Round "4.47"]
[White "Vashchenko, Lev"]
[Black "Pochtarenko, Dmitrii"]
[Result "0-1"]
[WhiteElo "1469"]
[BlackElo "1647"]
[PlyCount "94"]
[EventDate "2016.04.20"]

1. e4 c6 2. Nc3 d5 3. Nf3 dxe4 4. Nxe4 Bg4 5. Bc4 Nd7 6. Bxf7+ Kxf7 7. Nfg5+
Ke8 8. Qxg4 Ndf6 9. Qe2 Nxe4 10. Ne6 Qd6 11. Qxe4 Nf6 12. Qe2 Kd7 13. Ng5 Qd5
14. Nf3 Re8 15. d4 Kc8 16. c4 Qf5 17. O-O e5 18. Nxe5 Bd6 19. Qd3 Rxe5 20. Qb3
Re7 21. h3 Rhe8 22. Be3 g5 23. d5 Qe5 24. g3 Qf5 25. Kh2 c5 26. Qa4 Qf3 27. Rg1
Nh5 28. Rae1 Nxg3 29. fxg3 Rxe3 30. Qxe8+ Rxe8 31. Rxe8+ Kd7 32. Rh8 Qf2+ 33.
Kh1 Bxg3 34. Rxh7+ Kc8 35. Rh8+ Kc7 36. Rg2 Qf1+ 37. Rg1 Qf3+ 38. Rg2 Bh4 39.
d6+ Kxd6 40. Kg1 Qe3+ 41. Kh2 Qe5+ 42. Rg3 Qxg3+ 43. Kh1 Qf3+ 44. Kg1 Bf2+ 45.
Kf1 Bg3+ 46. Kg1 Qf2+ 47. Kh1 Qh2# 0-1

[Event "Russian Championship B15 1st league 2016"]
[Site "Loo"]
[Date "2016.04.23"]
[Round "4.48"]
[White "Seleznev, Iliya"]
[Black "Tsarkov, Mikhail"]
[Result "1-0"]
[WhiteElo "1632"]
[BlackElo "1398"]
[PlyCount "81"]
[EventDate "2016.04.20"]

1. e4 c6 2. d4 d5 3. exd5 cxd5 4. c4 Nf6 5. Nc3 Bf5 6. Qb3 Nc6 7. cxd5 Na5 8.
Bb5+ Bd7 9. Qa4 a6 10. Bxd7+ Nxd7 11. Nf3 b5 12. Qd1 Nf6 13. Ne5 g6 14. O-O Bg7
15. Re1 O-O 16. b4 Nc4 17. Nc6 Qd6 18. Nxe7+ Kh8 19. Qf3 Rfe8 20. Bf4 Qxb4 21.
Nc6 Qf8 22. Bg5 Nd7 23. Be7 Qg8 24. Ne4 f5 25. Ng5 Nd2 26. Qh3 h6 27. Ne6 Rac8
28. Bg5 Ne4 29. Bxh6 Bxh6 30. Qxh6+ Qh7 31. Qxh7+ Kxh7 32. f3 Nc3 33. Ne7 Rb8
34. Nc7 Rf8 35. Nc6 Rbc8 36. Re7+ Kh8 37. Rxd7 Nxd5 38. Nxd5 Rxc6 39. Ne7 Re6
40. d5 Ref6 41. Re1 1-0

[Event "Russian Championship B15 1st league 2016"]
[Site "Loo"]
[Date "2016.04.23"]
[Round "4.50"]
[White "Pontis, Stanislav"]
[Black "Foshenko, Kirill"]
[Result "0-1"]
[WhiteElo "1377"]
[BlackElo "1620"]
[PlyCount "129"]
[EventDate "2016.04.20"]

1. e4 e6 2. d4 d5 3. Nc3 Bb4 4. Qg4 Nf6 5. Qg3 dxe4 6. Be3 Bf8 7. Bc4 c6 8.
O-O-O Nbd7 9. Bf4 Nh5 10. Qe3 Nxf4 11. Qxf4 b5 12. Bb3 Nb6 13. Qxe4 Nd5 14.
Nge2 b4 15. Na4 Ba6 16. Nf4 Be7 17. Kb1 O-O 18. Rhe1 Bd6 19. Nxd5 cxd5 20. Qg4
Bb5 21. Nc5 Bxc5 22. dxc5 a5 23. a3 bxa3 24. bxa3 a4 25. Ka2 axb3+ 26. cxb3 Qa5
27. a4 Bc6 28. Re3 Qxc5 29. Rd2 Rfb8 30. Rg3 Qf8 31. h4 Rb4 32. Rd4 Rxd4 33.
Qxd4 f6 34. Qg4 e5 35. Qe6+ Kh8 36. Qxc6 d4 37. Qe4 Qg8 38. Kb2 Qb8 39. Ka3 Qc8
40. Kb2 Ra7 41. f4 Qc5 42. fxe5 fxe5 43. Qc2 Qf8 44. Rf3 Qe8 45. Qf5 Ra8 46.
Qf7 Qb8 47. Rg3 Ra7 48. Qc4 Rc7 49. Qd5 h6 50. Rf3 Qe8 51. Qd6 Re7 52. Rf2 Kh7
53. Re2 Re6 54. Qd5 Re7 55. a5 Qh5 56. Qe4+ Kh8 57. g3 Qe8 58. a6 Qb5 59. a7
Rxa7 60. Qxe5 Qb4 61. Qe8+ Kh7 62. Qe4+ g6 63. Qd3 Qa3+ 64. Kb1 Qa1+ 65. Kc2
0-1

[Event "Russian Championship B15 1st league 2016"]
[Site "Loo"]
[Date "2016.04.23"]
[Round "4.52"]
[White "Sadovnikov, Konstantin"]
[Black "Konotop, Daniil"]
[Result "1-0"]
[WhiteElo "1695"]
[BlackElo "1473"]
[PlyCount "49"]
[EventDate "2016.04.20"]

1. e4 d6 2. Nc3 c6 3. Bc4 e5 4. d3 Be7 5. f4 exf4 6. Bxf4 Nf6 7. Nf3 b5 8. Bb3
a5 9. a3 a4 10. Ba2 h6 11. O-O Bg4 12. h3 Bh5 13. Qe1 Bxf3 14. Rxf3 Nbd7 15. d4
Qb6 16. Be3 Qc7 17. Qg3 Rg8 18. Rd1 g5 19. Rf2 Rg7 20. Rdf1 O-O-O 21. d5 cxd5
22. Bxd5 Qb8 23. Bd4 Rf8 24. Qd3 Rg6 25. Nxb5 1-0

[Event "Russian Championship B15 1st league 2016"]
[Site "Loo"]
[Date "2016.04.23"]
[Round "4.53"]
[White "Anikiev, Yan"]
[Black "Muratov, Maxim"]
[Result "1-0"]
[WhiteElo "1628"]
[BlackElo "1428"]
[PlyCount "57"]
[EventDate "2016.04.20"]

1. e4 e5 2. Nf3 Nc6 3. Nc3 Nf6 4. d4 exd4 5. Nxd4 Bb4 6. Nxc6 bxc6 7. Bd3 O-O
8. O-O d6 9. Bg5 Re8 10. f4 Qd7 11. Bxf6 gxf6 12. Qh5 Bxc3 13. bxc3 Kh8 14. e5
f5 15. Rf3 Rg8 16. Rh3 Rg7 17. exd6 Qxd6 18. Re1 Be6 19. Re5 Rag8 20. Kf1 Qa3
21. Qh4 Qxc3 22. Bxf5 Bxf5 23. Rxc3 Be6 24. Qf6 Bd5 25. Rg3 Be6 26. Rxg7 Rxg7
27. Rg5 Bc4+ 28. Kf2 Kg8 29. Qxg7# 1-0

[Event "Russian Championship B15 1st league 2016"]
[Site "Loo"]
[Date "2016.04.23"]
[Round "4.54"]
[White "Frolkin, Nikita"]
[Black "Voronkov, Evgeny"]
[Result "1-0"]
[WhiteElo "1602"]
[BlackElo "1379"]
[PlyCount "57"]
[EventDate "2016.04.20"]

1. d4 d5 2. Nc3 c6 3. Bf4 Nf6 4. Nf3 e6 5. e3 Bd6 6. Bd3 Qc7 7. Bxd6 Qxd6 8.
O-O Nbd7 9. e4 dxe4 10. Nxe4 Nxe4 11. Bxe4 O-O 12. Re1 Nf6 13. Bd3 Re8 14. Ne5
b6 15. Re3 Bb7 16. Rg3 c5 17. c3 cxd4 18. cxd4 Rad8 19. Qd2 Kf8 20. Qg5 Ke7 21.
Qxg7 Rf8 22. Bxh7 Qxd4 23. Ng6+ Kd7 24. Nxf8+ Kc8 25. Rd3 Qxb2 26. Rxd8+ Kxd8
27. Rd1+ Ke7 28. Ng6+ Ke8 29. Qf8# 1-0

[Event "Russian Championship B15 1st league 2016"]
[Site "Loo"]
[Date "2016.04.23"]
[Round "4.55"]
[White "Tsopanov, Mikhail"]
[Black "Medvedev, David"]
[Result "1-0"]
[WhiteElo "1572"]
[BlackElo "1350"]
[PlyCount "65"]
[EventDate "2016.04.20"]

1. c4 c5 2. Nc3 Nc6 3. g3 g6 4. Bg2 Bg7 5. e3 e5 6. Nge2 Nge7 7. O-O O-O 8. b3
d6 9. Bb2 f5 10. Nd5 Rb8 11. d3 a6 12. Qd2 b5 13. Rfd1 Bb7 14. cxb5 axb5 15.
Nxe7+ Nxe7 16. Bxb7 Rxb7 17. d4 exd4 18. exd4 c4 19. d5 Bxb2 20. Qxb2 Qc8 21.
Rac1 Qa8 22. Nf4 Rbb8 23. Ne6 Rf7 24. Qd2 Rc8 25. Rc2 Rf6 26. Qd4 Kf7 27. bxc4
bxc4 28. Rxc4 Qxa2 29. Rxc8 Nxc8 30. Qc3 Qa4 31. Re1 Qd7 32. Ng5+ Kg7 33. Nxh7
1-0

[Event "Russian Championship B15 1st league 2016"]
[Site "Loo"]
[Date "2016.04.23"]
[Round "4.56"]
[White "Maslov, Serafim"]
[Black "Gozgeshev, Eldar"]
[Result "1-0"]
[WhiteElo "1341"]
[BlackElo "1567"]
[PlyCount "65"]
[EventDate "2016.04.20"]

1. e4 e6 2. d3 d5 3. Qe2 Nf6 4. Bf4 Be7 5. Nf3 O-O 6. Nbd2 c5 7. g3 Re8 8. Bg2
Nc6 9. Ng5 Nd4 10. Qd1 Bd6 11. c3 Be5 12. Bxe5 Nc6 13. Bxf6 Qxf6 14. f4 Bd7 15.
O-O d4 16. e5 Qg6 17. Nge4 Rab8 18. Nxc5 Red8 19. Rb1 b6 20. Nxd7 Rxd7 21. Bxc6
Rc7 22. Be4 f5 23. exf6 Qxf6 24. c4 b5 25. b3 g5 26. Rc1 Rg7 27. Kh1 g4 28.
cxb5 Rxb5 29. Rc8+ Kf7 30. Rc7+ Ke8 31. Rxg7 Qxg7 32. Bc6+ Ke7 33. Bxb5 1-0

[Event "Russian Championship B15 1st league 2016"]
[Site "Loo"]
[Date "2016.04.23"]
[Round "4.59"]
[White "Volodin, Andrey"]
[Black "Strelkov, Daniil"]
[Result "1-0"]
[WhiteElo "1410"]
[BlackElo "1288"]
[PlyCount "69"]
[EventDate "2016.04.20"]

1. e4 e5 2. Nf3 Nc6 3. d4 exd4 4. Nxd4 Bc5 5. Nf5 Qf6 6. Nc3 Nge7 7. Ne3 d6 8.
Be2 O-O 9. O-O Qg6 10. Kh1 Be6 11. f4 f5 12. Bh5 Qf6 13. exf5 Nxf5 14. Ned5 Qh4
15. Ne4 Bxd5 16. Qxd5+ Kh8 17. Bf3 Rae8 18. g3 Qh6 19. Kg2 Nb4 20. Qc4 b5 21.
Qc3 Nd5 22. Qd3 Nde3+ 23. Bxe3 Nxe3+ 24. Kh1 Nxf1 25. Rxf1 Bb6 26. Qxb5 Qg6 27.
Re1 Rf6 28. Re2 Rfe6 29. f5 Qf7 30. Ng5 Qf8 31. Rxe6 Rxe6 32. Nxe6 Qf7 33. Qc6
h6 34. Be4 Qf6 35. Qe8+ 1-0

[Event "Russian Championship B15 1st league 2016"]
[Site "Loo"]
[Date "2016.04.23"]
[Round "4.60"]
[White "Nagibin, Danila"]
[Black "Belov, Kirill"]
[Result "0-1"]
[WhiteElo "1274"]
[BlackElo "1360"]
[PlyCount "96"]
[EventDate "2016.04.20"]

1. d4 Nf6 2. c4 c5 3. Nf3 e6 4. Nc3 Be7 5. g3 O-O 6. Bg2 d5 7. b3 cxd4 8. Nxd4
Nc6 9. O-O Nxd4 10. Qxd4 dxc4 11. Qxc4 Qb6 12. Be3 Qa5 13. Rfd1 Rb8 14. Bf4 Ra8
15. Nb5 Bd7 16. Rxd7 Nxd7 17. Bc7 Nb6 18. Bxb7 Nxc4 19. Bxa5 Rab8 20. bxc4 Rxb7
21. Rc1 Rc8 22. Rc3 a6 23. Nd4 Bb4 24. Bxb4 Rxb4 25. e3 Rbxc4 26. Rxc4 Rxc4 27.
Kg2 Ra4 28. Nc6 Rxa2 29. Kf3 a5 30. Ke4 Rxf2 31. Nxa5 Rxh2 32. Nc4 f5+ 33. Ke5
Rh3 34. Kf4 h5 35. Ne5 h4 36. gxh4 Rxh4+ 37. Kf3 Re4 38. Nd3 Kf7 39. Nc5 Rc4
40. Nd3 Kf6 41. Nf4 g5 42. Nd3 e5 43. Nb2 g4+ 44. Kg3 Rc3 45. Kf2 Rc2+ 46. Kg3
Rxb2 47. Kh4 Re2 48. Kg3 Rxe3+ 0-1

[Event "Russian Championship B15 1st league 2016"]
[Site "Loo"]
[Date "2016.04.23"]
[Round "4.61"]
[White "Riakhovskii, Mark"]
[Black "Li, Dmitry"]
[Result "1-0"]
[WhiteElo "1360"]
[BlackElo "1256"]
[PlyCount "91"]
[EventDate "2016.04.20"]

1. c4 e5 2. g3 Nc6 3. Bg2 f5 4. Nc3 Nf6 5. d3 g6 6. Nf3 Bg7 7. O-O d6 8. Rb1
O-O 9. b4 Nd4 10. Nxd4 exd4 11. Nb5 c5 12. bxc5 dxc5 13. Na3 Rb8 14. Bf4 Ra8
15. Bxb7 Bxb7 16. Rxb7 Qc8 17. Qb3 Rf7 18. Rxf7 Kxf7 19. Nb5 Kg8 20. Rb1 Nh5
21. Nd6 Qc6 22. Qb7 Qxb7 23. Nxb7 Nxf4 24. gxf4 Rb8 25. Rb3 Bf8 26. Nxc5 Rxb3
27. Nxb3 Bg7 28. c5 Kf8 29. e3 dxe3 30. fxe3 Ke7 31. d4 Kd7 32. d5 Bc3 33. Kg2
Bb4 34. Kf3 a5 35. c6+ Kd6 36. e4 fxe4+ 37. Kxe4 a4 38. Nd4 Ke7 39. Nb5 Ba5 40.
d6+ Kd8 41. c7+ Kd7 42. Na7 Bxc7 43. dxc7 Kxc7 44. Nb5+ Kc6 45. Nc3 a3 46. Nb1
1-0

[Event "Russian Championship B15 2016"]
[Site "Loo"]
[Date "2016.04.23"]
[Round "4.1"]
[White "Gurvich, Vitaly"]
[Black "Lomasov, Semen"]
[Result "0-1"]
[WhiteElo "2381"]
[BlackElo "2326"]
[PlyCount "60"]
[EventDate "2016.04.20"]

1. Nf3 Nf6 2. g3 d5 3. Bg2 Bg4 4. O-O e6 5. d3 Be7 6. Nbd2 O-O 7. e4 Nc6 8. h3
Bh5 9. Re1 a5 10. exd5 exd5 11. Nf1 Bd6 12. g4 Bg6 13. Bg5 h6 14. Bh4 Be7 15.
Qd2 Nd7 16. Bxe7 Nxe7 17. Qf4 Ra6 18. Re2 Rf6 19. Qg3 Nc6 20. Rae1 Nc5 21. Ne5
Nd4 22. Rd2 Nde6 23. Nxg6 fxg6 24. d4 Ne4 25. Rxe4 dxe4 26. Bxe4 Ng5 27. Bxb7
c6 28. Qb3+ Kh7 29. Nh2 Rxf2 30. Rxf2 Qxd4 0-1

[Event "Russian Championship B15 2016"]
[Site "Loo"]
[Date "2016.04.23"]
[Round "4.2"]
[White "Talypov, Ildar"]
[Black "Shubin, Kirill"]
[Result "0-1"]
[WhiteElo "1993"]
[BlackElo "2399"]
[PlyCount "60"]
[EventDate "2016.04.20"]

1. d4 Nf6 2. Nf3 e6 3. c4 b6 4. g3 Bb7 5. Bg2 Be7 6. Nc3 O-O 7. O-O Ne4 8. Qc2
f5 9. Nd2 Nxc3 10. Qxc3 Bxg2 11. Kxg2 Bf6 12. Qd3 d5 13. e3 Nc6 14. f4 Nb4 15.
Qb3 c5 16. a3 Nc6 17. cxd5 Qxd5+ 18. Qxd5 exd5 19. Nf3 cxd4 20. exd4 Rae8 21.
Rd1 Re4 22. Ra2 Nxd4 23. Nxd4 Bxd4 24. b3 Rc8 25. Kh1 Kf7 26. a4 Ke6 27. Ba3
Be3 28. Re2 d4 29. Bb2 Kd5 30. Kg2 Rce8 0-1

[Event "Russian Championship B15 2016"]
[Site "Loo"]
[Date "2016.04.23"]
[Round "4.3"]
[White "Sokolov, Nikita Dm"]
[Black "Nuristani, Iman"]
[Result "0-1"]
[WhiteElo "2126"]
[BlackElo "1922"]
[PlyCount "64"]
[EventDate "2016.04.20"]

1. e4 e6 2. d4 d5 3. Nc3 dxe4 4. Nxe4 Bd7 5. Nf3 Bc6 6. Bd3 Nd7 7. O-O Ngf6 8.
Nxf6+ Qxf6 9. Be2 Bxf3 10. Bxf3 c6 11. c4 Be7 12. b3 O-O 13. Bb2 Rad8 14. Qc2
Bd6 15. Be4 Qh6 16. g3 f5 17. Bf3 f4 18. Rae1 Rde8 19. Bg4 Re7 20. d5 e5 21.
Bxd7 Rxd7 22. Bxe5 f3 23. h4 cxd5 24. cxd5 Qh5 25. Bxd6 Rxd6 26. Re7 Qg4 27.
Qc7 Rxd5 28. Qxb7 Rd6 29. Qxa7 Kh8 30. Kh2 Rh6 31. Qd7 Rxh4+ 32. gxh4 Qg2# 0-1

[Event "Russian Championship B15 2016"]
[Site "Loo"]
[Date "2016.04.23"]
[Round "4.4"]
[White "Pavlov, Danila"]
[Black "Yeritsyan, Aram"]
[Result "0-1"]
[WhiteElo "2094"]
[BlackElo "2000"]
[PlyCount "106"]
[EventDate "2016.04.20"]

1. e4 c5 2. Nf3 e6 3. d4 cxd4 4. Nxd4 Nf6 5. Nc3 d6 6. Be3 Be7 7. f4 Nc6 8. Qf3
e5 9. Nb3 Ng4 10. O-O-O Nxe3 11. Qxe3 exf4 12. Qf2 Be6 13. Kb1 Bf6 14. Nd5 Be5
15. Nd2 O-O 16. Nc4 Bxd5 17. exd5 Ne7 18. Bd3 f6 19. g3 fxg3 20. hxg3 g6 21.
Rh4 Rf7 22. Rdh1 Qf8 23. Qh2 Qg7 24. Qh3 Rd8 25. Qe6 Kf8 26. Na5 Ng8 27. Qh3
Rdd7 28. Rc4 f5 29. Rc8+ Ke7 30. Qh4+ Nf6 31. Ba6 Rf8 32. Rxf8 Kxf8 33. Bc4 Qe7
34. Bb3 Ng4 35. Qxe7+ Rxe7 36. c4 Bxg3 37. c5 dxc5 38. Nc4 b5 39. Na5 c4 40.
Bc2 Ne3 41. Nc6 Rd7 42. Nd4 Nxc2 43. Kxc2 Rxd5 44. Ne2 f4 45. Rxh7 g5 46. Rxa7
Be1 47. Ng1 g4 48. Ra3 Rd2+ 49. Kc1 Rg2 50. Nf3 gxf3 51. Rxf3 Bd2+ 52. Kd1 Be3
53. a4 bxa4 0-1

[Event "Russian Championship B15 2016"]
[Site "Loo"]
[Date "2016.04.23"]
[Round "4.5"]
[White "Izabakarov, Kamil"]
[Black "Sakulo, Denis"]
[Result "1/2-1/2"]
[WhiteElo "1813"]
[BlackElo "2085"]
[PlyCount "86"]
[EventDate "2016.04.20"]

1. c4 Nf6 2. Nf3 c5 3. g3 Nc6 4. Bg2 d6 5. O-O g6 6. Nc3 Bg7 7. e3 O-O 8. d4
Bd7 9. d5 Na5 10. Qd3 a6 11. e4 b5 12. cxb5 axb5 13. Re1 b4 14. Nd1 Qb6 15. Ne3
Bb5 16. Qc2 Nd7 17. Bf1 Rfc8 18. Nc4 Nxc4 19. Bxc4 Bxc4 20. Qxc4 Qa6 21. Qc2 c4
22. Be3 Nc5 23. Bd4 Nd3 24. Re2 b3 25. Qc3 Qxa2 26. Rf1 Bh6 27. Be3 Bxe3 28.
fxe3 Qa5 29. Qd4 f6 30. g4 Qc5 31. Qc3 Nf4 32. Rd2 Ra2 33. g5 Rf8 34. Kh1 Nh3
35. gxf6 Rxf6 36. e5 dxe5 37. Qxe5 c3 38. bxc3 Rxd2 39. Nxd2 Rxf1+ 40. Nxf1 b2
41. Qb8+ Kf7 42. Qxb2 Qxd5+ 43. Qg2 Qf5 1/2-1/2

[Event "Russian Championship B15 2016"]
[Site "Loo"]
[Date "2016.04.23"]
[Round "4.7"]
[White "Geshko, Aleksey"]
[Black "Murtazin, Ruslan"]
[Result "0-1"]
[WhiteElo "2179"]
[BlackElo "2012"]
[PlyCount "116"]
[EventDate "2016.04.20"]

1. e4 c5 2. Nf3 e6 3. d4 cxd4 4. Nxd4 Nc6 5. Nc3 Qc7 6. f4 a6 7. Nxc6 Qxc6 8.
Bd3 Bc5 9. Qe2 d6 10. Bd2 Ne7 11. O-O-O Bd7 12. f5 O-O-O 13. Qh5 g6 14. Qh4
Rde8 15. f6 g5 16. Qxg5 Ng6 17. h3 Reg8 18. Qh5 Ne5 19. Qe2 Rg3 20. Rdf1 Rhg8
21. Rh2 Bd4 22. Kb1 Qb6 23. Be1 Re3 24. Qd2 Nxd3 25. cxd3 Bb5 26. Nxb5 Qxb5 27.
g4 Rxd3 28. Qc2+ Rc3 29. Bxc3 Qxf1+ 30. Qc1 Qxc1+ 31. Kxc1 Bxc3 32. Rc2 Kd7 33.
Rxc3 e5 34. Rb3 b5 35. Ra3 Ra8 36. Kd2 Ke6 37. g5 a5 38. h4 h6 39. Rb3 Rb8 40.
a4 b4 41. Rg3 hxg5 42. hxg5 Rg8 43. Kd3 d5 44. exd5+ Kxd5 45. g6 fxg6 46. f7
Rf8 47. Rxg6 Rxf7 48. Ra6 e4+ 49. Ke2 Kc4 50. Rxa5 Kb3 51. Re5 Kxb2 52. Rxe4 b3
53. Kd3 Rc7 54. a5 Ka3 55. a6 b2 56. Re1 Ka2 57. a7 Rxa7 58. Re2 Ka1 0-1

[Event "Russian Championship B15 2016"]
[Site "Loo"]
[Date "2016.04.23"]
[Round "4.8"]
[White "Mnatsakanian, Arsen"]
[Black "Bazhenov, Aleksandr"]
[Result "1/2-1/2"]
[WhiteElo "2037"]
[BlackElo "2162"]
[PlyCount "83"]
[EventDate "2016.04.20"]

1. d4 d5 2. c4 e6 3. Nf3 c6 4. g3 dxc4 5. Bg2 b5 6. Ne5 Bb7 7. Nc3 Qc8 8. a4 a6
9. O-O Nd7 10. f4 Ngf6 11. e4 Be7 12. Be3 O-O 13. Qc2 b4 14. Ne2 c5 15. Nxc4
cxd4 16. Bxd4 Bxe4 17. Bxe4 Nxe4 18. Qxe4 Qxc4 19. Rac1 Qb3 20. Rc7 Rad8 21.
Qc6 Nb8 22. Qe4 Bd6 23. Rcc1 Rc8 24. Qb7 Rc2 25. Kf2 h5 26. Rxc2 Qxc2 27. Rc1
Qf5 28. Rc8 e5 29. Rxf8+ Kxf8 30. Qd5 Ke7 31. Bc5 Qf6 32. Qb7+ Nd7 33. Bxb4
exf4 34. Bxd6+ Qxd6 35. Nxf4 Qd4+ 36. Ke2 h4 37. Nd5+ Kd6 38. Qc7+ Ke6 39. Qc6+
Ke5 40. Qc7+ Ke6 41. Qc6+ Ke5 42. Qc7+ 1/2-1/2

[Event "Russian Championship B15 2016"]
[Site "Loo"]
[Date "2016.04.23"]
[Round "4.9"]
[White "Shemyakin, Valeriy"]
[Black "Ivanov, Daniil"]
[Result "1/2-1/2"]
[WhiteElo "2077"]
[BlackElo "1975"]
[PlyCount "102"]
[EventDate "2016.04.20"]

1. Nf3 Nf6 2. g3 g6 3. Bg2 Bg7 4. O-O O-O 5. d4 d5 6. c4 c5 7. dxc5 dxc4 8. Ne5
Qc7 9. Nxc4 Qxc5 10. Nba3 Nc6 11. Be3 Qh5 12. f3 Be6 13. Qe1 Bxc4 14. Nxc4 Qb5
15. Rc1 Rac8 16. Bh3 Rcd8 17. b3 Nd5 18. Bf2 Ndb4 19. a4 Qd5 20. Rd1 Qh5 21.
Bg4 Qg5 22. Rxd8 Rxd8 23. Qc1 Qxc1 24. Rxc1 h5 25. Bh3 Nd4 26. Bxd4 Bxd4+ 27.
Kf1 Bf6 28. Kf2 Bd4+ 29. Kf1 Bf6 30. f4 Na2 31. Rb1 Nc3 32. Re1 Rd1 33. Rxd1
Nxd1 34. Bg2 b6 35. e4 Ba1 36. Ke2 Nc3+ 37. Kd3 b5 38. axb5 Nxb5 39. e5 Nd4 40.
Na5 h4 41. b4 hxg3 42. hxg3 Kg7 43. Bd5 e6 44. Bb7 g5 45. Nc4 gxf4 46. gxf4 f6
47. Nd6 fxe5 48. fxe5 Nf5 49. Nc8 Bxe5 50. Nxa7 Nd6 51. Bf3 Kf8 1/2-1/2

[Event "Russian Championship B15 2016"]
[Site "Loo"]
[Date "2016.04.23"]
[Round "4.10"]
[White "Zaika, Daniil"]
[Black "Babanin, Gleb"]
[Result "1/2-1/2"]
[WhiteElo "2077"]
[BlackElo "1992"]
[PlyCount "113"]
[EventDate "2016.04.20"]

1. d4 Nf6 2. c4 c5 3. d5 b5 4. cxb5 a6 5. b6 d6 6. e4 g6 7. Nc3 Bg7 8. h3 O-O
9. Nf3 Nbd7 10. Be2 Nxb6 11. a4 Nbd7 12. O-O Rb8 13. a5 Qc7 14. Nd2 Bb7 15. Nc4
Rbd8 16. Bf4 Ne5 17. Bxe5 dxe5 18. Qb3 Rfe8 19. Rfd1 Bf8 20. Qb6 Qb8 21. Qxc5
e6 22. d6 Nxe4 23. Nxe4 Bxe4 24. Qxe5 Bd5 25. d7 Rxd7 26. Qxb8 Rxb8 27. Nb6 Ra7
28. Nxd5 exd5 29. Ra2 Rd8 30. Bc4 d4 31. b3 Bb4 32. Ra4 Bc3 33. Bf1 Rd6 34. Rc4
Rad7 35. Rc8+ Kg7 36. Bxa6 Rxa6 37. Rxc3 Rxa5 38. Rcd3 Rad5 39. f4 Kf6 40. Kf2
h5 41. Kf3 Rb5 42. Ke4 h4 43. Rb1 Rb4 44. Kf3 Kf5 45. Rc1 Rd5 46. Rc7 f6 47.
Rh7 Rd8 48. Rxh4 Rdb8 49. g4+ Ke6 50. Rh6 Rxb3 51. Ke4 Rxd3 52. Kxd3 Kd5 53.
Rxg6 Rb3+ 54. Kc2 Rxh3 55. Rxf6 Ke4 56. Re6+ Kxf4 57. Kd2 1/2-1/2